000 00513nam a22001817a 4500
005 20240430153254.0
010 _aENG-140054
020 _a9789381383056
_c400.00
035 _aEN-123586
037 _bDBAD
082 _a158.1
100 _aJoginder Singh
_965258
245 _aHow To Succeed in Life/
_cBy Joginder Singh
260 _aUttar Pradesh
_bAnkur Publications
_c2011
270 _a231, Sec 15A, Noida
_bNoida
_e110032
300 _a183p.
_c22cm(hb)
942 _2ddc
_cEN
_h158.1
_mJOG
999 _c202432
_d202432